[Event "ESP-ch U18"]
[Site "Salobrena"]
[Date "2023.08.02"]
[Round "5"]
[White "Suarez Alvarez, Miguel"]
[Black "Linan Molina, Daniel"]
[Result "0-1"]
[WhiteElo "1897"]
[BlackElo "2075"]
[PlyCount "100"]
[EventDate "2023.07.31"]
[EventType "swiss"]
[EventRounds "9"]
[EventCountry "ESP"]
[SourceTitle "CBM 215 Extra"]
[Source "ChessBase"]
[SourceDate "2023.09.30"]
[SourceVersion "1"]
[SourceVersionDate "2023.09.30"]
[SourceQuality "1"]

1. d4 d5 2. Nf3 Nf6 3. g3 Bf5 4. Bg2 e6 5. 0-0 h6 6. c4 c6 7. Nc3 Bd6 8. Nd2 0-0 9. e4 dxe4 10. Ndxe4 Be7 11. Be3 Nbd7 12. Qe2 Nxe4 13. Nxe4 Nf6 14. Nc5 Bxc5 15. dxc5 Bd3 16. Qf3 Bxf1 17. Rxf1 Qd3 18. b3 Rad8 19. h4 Qg6 20. Bf4 Rd7 21. Qe2 Rfd8 22. Bd6 Ne8 23. h5 Qf6 24. Be5 Qe7 25. b4 Rd2 26. Qe3 R8d3 27. Qe1 Qd7 28. Be4 Rd1 29. Qe2 Rxf1+ 30. Kxf1 Rd1+ 31. Kg2 Rd2 32. Qe3 f5 33. Bf3 Rc2 34. Bc3 Kh7 35. g4 Nf6 36. a4 e5 37. Bxe5 Rxc4 38. g5 Nd5 39. g6+ Kg8 40. Qd2 f4 41. Qe2 Qe6 42. Kh2 Rxb4 43. Bg4 Qe7 44. a5 f3 45. Bxf3 Qh4+ 46. Kg2 Qg5+ 47. Kh1 Rb1+ 48. Kh2 Qh4+ 49. Kg2 Qh1+ 50. Kg3 Rg1+ 0-1

[Event "Oviedo op 8th"]
[Site "Oviedo"]
[Date "2022.07.20"]
[Round "6"]
[White "Suarez Alvarez, Miguel"]
[Black "Palacios Sanchez, Victor"]
[Result "1-0"]
[WhiteElo "1909"]
[BlackElo "1648"]
[PlyCount "65"]
[EventDate "2022.07.17"]
[EventType "swiss"]
[EventRounds "9"]
[EventCountry "ESP"]
[SourceTitle "CBM 209 Extra"]
[Source "ChessBase"]
[SourceDate "2022.09.30"]
[SourceVersion "1"]
[SourceVersionDate "2022.09.30"]
[SourceQuality "1"]

1. d4 Nf6 2. Nf3 c5 3. c4 g6 4. g3 cxd4 5. Nxd4 Bg7 6. Bg2 0-0 7. 0-0 Nc6 8. Nc3 Qb6 9. Nc2 d6 10. b3 Rd8 11. Bb2 Ne5 12. Ne3 e6 13. Rc1 Bd7 14. Qc2 Bc6 15. Rcd1 Bxg2 16. Kxg2 Bh6 17. Bc1 Bg7 18. Bb2 Bh6 19. Bc1 Bg7 20. h3 Rac8 21. f4 Nc6 22. Ng4 Nb4 23. Qd2 Nxg4 24. hxg4 Bxc3 25. Qxc3 Nxa2 26. Qf6 Nxc1 27. Rxc1 Qe3 28. Qb2 Rc6 29. Rf3 Qb6 30. Qf6 Rdc8 31. g5 d5 32. Rh1 Qc7 33. Rxh7 1-0

[Event "ESP-ch U16"]
[Site "Salobrena"]
[Date "2021.07.22"]
[Round "6"]
[White "Montesinos Diaz, Luis"]
[Black "Suarez Alvarez, Miguel"]
[Result "1/2-1/2"]
[WhiteElo "1816"]
[BlackElo "1605"]
[PlyCount "88"]
[EventDate "2021.07.19"]
[EventType "swiss"]
[EventRounds "9"]
[EventCountry "ESP"]
[SourceTitle "EXT 2022"]
[Source "ChessBase"]
[SourceDate "2021.10.06"]
[SourceVersion "1"]
[SourceVersionDate "2021.10.06"]
[SourceQuality "1"]

1. e4 c5 2. Nc3 Nc6 3. Bc4 e6 4. a3 Nf6 5. Ba2 d5 6. exd5 exd5 7. d3 Be7 8. Nge2 d4 9. Ne4 Nxe4 10. dxe4 0-0 11. 0-0 Be6 12. Bxe6 fxe6 13. Nf4 Rf6 14. Nh5 Rf7 15. f4 e5 16. f5 Nb8 17. Rf3 Nd7 18. Rg3 Nf6 19. Bh6 Nxh5 20. Qxh5 Qb6 21. Rf1 Rd8 22. Bc1 c4 23. Kh1 Bf6 24. Rh3 h6 25. Qe2 Qc7 26. g4 b5 27. g5 Bxg5 28. Bxg5 hxg5 29. Qh5 Kf8 30. Qxg5 Ke8 31. Qg6 Qe7 32. Qc6+ Qd7 33. Qc5 Qb7 34. Qxe5+ Re7 35. Qf4 Rxe4 36. Qf3 Qe7 37. Rh8+ Kd7 38. Rh7 Re5 39. Qg4 Rg8 40. f6+ Qe6 41. Qxd4+ Kc8 42. f7 Qc6+ 43. Kg1 Qg6+ 44. Kh1 Qc6+ 1/2-1/2

[Event "ESP-ch U16"]
[Site "Salobrena"]
[Date "2021.07.19"]
[Round "1"]
[White "Suarez Alvarez, Miguel"]
[Black "Iglesias Ferreira, Andres"]
[Result "0-1"]
[WhiteElo "1605"]
[BlackElo "2006"]
[PlyCount "66"]
[EventDate "2021.07.19"]
[EventType "swiss"]
[EventRounds "9"]
[EventCountry "ESP"]
[SourceTitle "EXT 2022"]
[Source "ChessBase"]
[SourceDate "2021.10.06"]
[SourceVersion "1"]
[SourceVersionDate "2021.10.06"]
[SourceQuality "1"]

1. Nf3 d5 2. d4 Nf6 3. g3 e6 4. Bg2 Be7 5. c4 dxc4 6. Qc2 a6 7. a4 Nbd7 8. Qxc4 b5 9. Qc2 Bb7 10. 0-0 0-0 11. Rd1 c5 12. dxc5 Be4 13. Qd2 Nxc5 14. Qe1 Qc8 15. Nc3 Nb3 16. Ra2 Bc2 17. Ne5 Bxd1 18. Bf4 Bc2 19. Bxa8 Qxa8 20. axb5 a5 21. Nc6 Bc5 22. Na4 Bb4 23. Nxb4 axb4 24. Qxb4 Nd5 25. Qd6 Nxf4 26. Qxf4 Rd8 27. Nc3 Qb7 28. Ra6 h6 29. f3 Nd4 30. Qe5 Bb3 31. Qc5 Nxe2+ 32. Nxe2 Qxf3 33. Nc3 Rd2 0-1